000 00313nam a2200133Ia 4500
008 240624s9999 xx 000 0 und d
041 _aeng
082 _a152.4 FRI
100 _aFRIJDA NICO H
245 _aLAWS OF EMOTION
260 _c2006
_aNew Jersey
_bPsychology Press
300 _a384 : p.
365 _c
_b20
999 _c18195
_d18195